European Monetary Union and collective bargaining / Franz Traxler
Descripción Física:
36 p. ; 21 cm
MARC
| LEADER | 00000nam a2200000Ia 4500 | ||
|---|---|---|---|
| 001 | 14849 | ||
| 008 | 160829s2002 xx 000 0 cat d | ||
| 080 | |a M-4-274 | ||
| 100 | |a Traxler, Franz |9 25504 | ||
| 245 | |a European Monetary Union and collective bargaining / Franz Traxler | ||
| 260 | |a Barcelona : |b Institut de Ciències Polítiques i Socials, |c 2002 | ||
| 300 | |a 36 p. ; |c 21 cm | ||
| 490 | |a Working papers / Institut de Ciències Polítiques i Socials ; 207 | ||
| 590 | |a Notes. | ||
| 590 | |a Bibliografia | ||
| 650 | |a Unió Econòmica i Monetària Europea |9 32514 | ||
| 650 | |a Unions monetàries |x Unió Europea, Països de la |9 25506 | ||
| 710 | 2 | |a Institut de Ciències Polítiques i Socials (Barcelona, Catalunya) |9 55871 | |
| 901 | |a Arxiu | ||
| 942 | |n 1 | ||
| 952 | |0 0 |1 0 |4 0 |6 M4274 |7 1 |9 43651 |a Arxiu |b Arxiu |d 2016-12-01 |l 0 |o M-4-274 |p 14849 |r 2016-12-01 00:00:00 |w 2016-12-01 |y ARXIU | ||
| 999 | |c 46199 |d 46199 | ||